| 000 | 01952nam a22003017a 4500 | ||
|---|---|---|---|
| 003 | OSt | ||
| 005 | 20260306081015.0 | ||
| 008 | 260130b |||||||| |||| 00| 0 eng d | ||
| 020 | _a9789681658687 | ||
| 037 | _bDonación | ||
| 040 |
_aCO-JMCR _bspa _cCO-JMCR _dCO-JMCR _erda |
||
| 041 | _aspa | ||
| 082 | 0 |
_a330.15 _bAY9i |
|
| 100 | 0 |
_aAyala Espino, José , _d1946-2002 _944525 |
|
| 245 | 0 |
_aInstituciones y economía: _bUna introducción al neoinstitucionalismo económico / _cJosé Ayala Espino : autor |
|
| 250 | _aPrimera edición/ | ||
| 260 |
_aMéxico, D.F. : _bFondo de cultura Económica , _c1999 |
||
| 300 |
_a397 pág. _bTablas, gráficos ; _c20 cm. |
||
| 490 | 0 | _aTextos de Economía | |
| 500 | _aContiene bibliografía e índice temático e índice de autores | ||
| 504 | _aContiene referencias en cada capítulo | ||
| 505 | 0 | _aI. La teoría de las instituciones -- II. El intercambio -- III. Elecciones y conducta -- IV. Economía de la información -- V. Costos de transacción -- VI. Derechos de propiedad -- VII. Contrato -- VIII. Organización económica -- IX. Sistema legal: instituciones e intercambio -- X. Instituciones y desempeño económico. | |
| 520 | 3 | _aEl libro analiza el papel de las instituciones en el funcionamiento de la economía contemporánea, en un contexto marcado por la globalización. Desde el enfoque del neoinstitucionalismo económico, examina conceptos como costos de transacción, derechos de propiedad, normas formales e informales y su influencia en los mercados, las organizaciones y el desarrollo económico. La obra presenta de manera sistemática los principales aportes teóricos del neoinstitucionalismo y los vincula con problemáticas económicas actuales, con especial atención a países en desarrollo. | |
| 650 |
_aEconomía _944560 _2neoinstitucionalismo |
||
| 650 |
_aInstitucionalismo _944526 _2Política |
||
| 650 |
_aTeoría política _914315 _2Estado |
||
| 942 |
_2ddc _cBK |
||
| 999 |
_c31145 _d17529 |
||